| 000 | 00969nam a22003017a 4500 | ||
|---|---|---|---|
| 003 | CHAP | ||
| 005 | 20220329135055.0 | ||
| 008 | 971013s1931 r 00010 d | ||
| 010 | _a30506 | ||
| 011 | _a31478 | ||
| 035 | _a35590 | ||
| 040 | _cCHAP | ||
| 082 |
_a581.981 _bC6 |
||
| 100 | 0 | 0 |
_aCorrea, M. Pío. _928238 |
| 245 | _aDiccionario das plantas uteis do Brasil e das exoticas cultivadas | ||
| 260 |
_aRío de Janeiro : _bMinisterio de Agricultura, _c1931 |
||
| 300 |
_av. _b: ilus. |
||
| 590 |
_aBATCH-UPD _b10 _c20130110 _lUCH01 _h1627 |
||
| 590 |
_aBATCH-UPD _b10 _c20130410 _lUCH01 _h1021 |
||
| 590 |
_aBATCH-UPD _b10 _c20130914 _lUCH01 _h0730 |
||
| 590 |
_aCONVERSION _b10 _c20130109 _lUCH01 _h1317 |
||
| 650 | 1 | 4 |
_aBotánica _xBrasil. _914505 |
| 650 | 1 | 4 |
_aBotánica _xDiccionarios. _914530 |
| 901 | _aBK | ||
| 942 | _cLIBRO | ||
| 949 |
_a581.981 C6 _bBC _cBPP _d-82331 _eBPP _fv.2 _h18243 _i35590 _si |
||
| 949 |
_a581.981 C6 _bBC _cC _d-82332 _eC _fv.3 _h18244 _i35590 _si |
||
| 999 |
_c30506 _d30506 |
||